Kontekstwalisadong komunikasyon sa Filipino / nina Rolando A. Bernales [and five others]. (Record no. 21573)

000 -LEADER
fixed length control field 00573nam a22001577a 4500
020 ## - INTERNATIONAL STANDARD BOOK NUMBER
ISBN 9789718219959
082 ## - DEWEY DECIMAL CLASSIFICATION NUMBER
Classification number 499.2113
Item number B5178 2022
100 ## - MAIN ENTRY--AUTHOR NAME
Personal name Bernales, Rolando A., author.
245 ## - TITLE STATEMENT
Title Kontekstwalisadong komunikasyon sa Filipino / nina Rolando A. Bernales [and five others].
260 ## - PUBLICATION, DISTRIBUTION, ETC. (IMPRINT)
Place of publication Malabon City :
Name of publisher Mutya Publishing House, Inc.,
Year of publication ©2022.
300 ## - PHYSICAL DESCRIPTION
Number of Pages 187 pages :
Other physical details illustrations ; 26 cm.
500 ## - GENERAL NOTE
General note Includes bibliographical references.
650 ## - SUBJECT ADDED ENTRY--TOPICAL TERM
Topical Term Filipino language -- Rhetoric.
650 ## - SUBJECT ADDED ENTRY--TOPICAL TERM
Topical Term Filipino language -- Study and teaching.
942 ## - ADDED ENTRY ELEMENTS (KOHA)
Koha item type Books
Holdings
Source of acquisition Permanent Location Date acquired Koha item type Collection code Accession Number Lost status Shelving location Withdrawn status Current Location Full call number
SchoolCagayan State University - Carig Library2025-12-05BooksLanguages011277 General Collection Cagayan State University - Carig Library499.2113 B5178 2022
SchoolCagayan State University - Carig Library2025-12-05BooksLanguages011278 General Collection Cagayan State University - Carig Library499.2113 B5178 2022
SchoolCagayan State University - Carig Library2025-12-05BooksLanguages011279 General Collection Cagayan State University - Carig Library499.2113 B5178 2022

Cagayan State University University Library, Carig Campus
Tuguegarao City, Cagayan 3500 | www.csucarig.edu.ph

Powered by Koha